Ebon Moss-Bachrach Filmography - Statistics

General Stats
  • This quiz has been taken 3 times
  • The average score is 5 of 83
Answer Stats
Type Year Name % Correct
Web Series 2022-Present The Bear
100%
Film 2026 Avengers: Doomsday
67%
Web Series 2017 Marvel's The Punisher
67%
Film 2025 The Fantastic Four: First Steps
67%
Web Series 2022 Andor
33%
Film 2027 Avengers: Secret Wars
33%
Film 2019 Blow the Man Down
33%
TV Show 2014-2017 Girls
33%
Film 2024 Hold Your Breath
33%
TV Show 2024 Krapopolis
33%
Film 2001 The Royal Tenenbaums
33%
Theater 2001-2002 36 Views
0%
Film 2003 American Splendor
0%
TV Show 2014 Believe
0%
TV Show 2024 Bob's Burgers
0%
Film 2009 Breaking Upwards
0%
Film 2007 Chicago 10
0%
Film 2012 Come Out and Play
0%
TV Show 2010 Damages
0%
Theater 1997 Dead End
0%
Film 2003 Death of a Dynasty
0%
Film 2007 Evening
0%
Theater 2003 Fifth of July
0%
TV Show 2008 Fringe
0%
Film 2013 Gods Behaving Badly
0%
Film 2019 Good Posture
0%
Film 2011 Higher Ground
0%
Short Film 2007 High Falls
0%
Documentary Series 2008 Independent Lens
0%
Web Series 2020 Interrogation
0%
TV Mini-Series 2008 John Adams
0%
TV Show 2006 Kidnapped
0%
TV Show 2001 Law & Order: Criminal Intent
0%
TV Show 2006 Law & Order: Special Victims Unit
0%
TV Show 2005 Law & Order: Trial by Jury
0%
Film 2006 Live Free or Die
0%
Film 2012 Lola Versus
0%
Theater 2015 Lost Girls
0%
Film 2019 Lying and Stealing
0%
TV Show 2009 Medium
0%
Film 2003 Mona Lisa Smile
0%
Film 2016 Monsterland
0%
TV Film 1999 Murder in a Small Town
0%
Film 2001 Never Again
0%
Film 2023 No Hard Feelings
0%
TV Show 2019-2020 NOS4A2
0%
Theater 2005 On the Mountain
0%
Film 2006 Out There
0%
TV Show 2013, 2016 Person of Interest
0%
Film 2004 Point&Shoot
0%
TV Film 2002 Porn 'n Chicken
0%
Podcast 2023 Possession
0%
Film 2004 Poster Boy
0%
Theater 1997 Princess Turandot
0%
TV Show 2025 Rick and Morty
0%
Film 2005 Road
0%
TV Show 2010 Rubicon
0%
Film 2022 Sharp Stick
0%
Theater 2000 Side Man
0%
Film 2005 Stealth
0%
Web Series 2017 Strangers
0%
Film 2007 Suburban Girl
0%
Film 2020 Tesla
0%
Film 2001 The Believer
0%
Film 2018 The Big Take
0%
Podcast 2024 The Boar's Nest: Sue Brewer and the Birth of Outlaw Country Music
0%
Web Mini-Series 2022 The Dropout
0%
Film 2005 The Dying Gaul
0%
Short Film 2014 The Grey Matter
0%
Film 2006 The Lake House
0%
TV Show 2014-2015 The Last Ship
0%
Film 2009 The Marc Pease Experience
0%
Music Video 2018 The Rover
0%
Film 2013 The Volunteer
0%
Theater 2011 Three Sisters
0%
Short Film 2017 Tokyo Project
0%
Theater 2023 True West
0%
TV Film 2009 Une aventure New-Yorkaise
0%
Theater 2015 Verite
0%
Film 2006 Wedding Daze
0%
Film 2014 We'll Never Have Paris
0%
Theater 2000 When They Speak of Rita
0%
Film 2004 Winter Solstice
0%
No matching quizzes found
Score Distribution
Percent of People with Each Score
Percentile by Number Answered
Your Score History
You have not taken this quiz